[Event "BL2-Ost 2122"]
[Site "Germany"]
[Date "2022.04.30"]
[Round "3.4"]
[White "Schindler, Christian"]
[Black "Hertneck, Gerald"]
[Result "1/2-1/2"]
[WhiteElo "2181"]
[BlackElo "2478"]
[PlyCount "114"]
[EventDate "2022.03.05"]
[EventType "team-tourn"]
[EventRounds "10"]
[EventCountry "GER"]
[SourceTitle "EXT 2023"]
[Source "ChessBase"]
[SourceDate "2022.10.05"]
[SourceVersion "1"]
[SourceVersionDate "2022.10.05"]
[SourceQuality "1"]
[WhiteTeam "Loeberitz"]
[BlackTeam "Muenchen Zugzwang"]
[WhiteTeamCountry "GER"]
[BlackTeamCountry "GER"]

1. d4 Nf6 2. Nf3 g6 3. b3 Bg7 4. Bb2 0-0 5. e3 b6 6. Be2 Bb7 7. c4 e6 8. 0-0 a5 9. Nc3 Na6 10. Rc1 Qe7 11. Qc2 d6 12. Rfd1 Rfd8 13. a3 e5 14. dxe5 dxe5 15. Rxd8+ Rxd8 16. Rd1 Rxd1+ 17. Qxd1 Nc5 18. h3 e4 19. Nd4 Ne8 20. b4 axb4 21. axb4 Na6 22. b5 Nc5 23. Ba3 Qe5 24. Na4 Bf8 25. Nxc5 bxc5 26. Nc6 Bxc6 27. bxc6 Qc3 28. Qc1 Qa5 29. Bb2 Qb6 30. Qd2 Qxc6 31. Qd8 Bg7 32. Bg4 f5 33. Bxg7 Kxg7 34. Qe7+ Kg8 35. Be2 Nf6 36. Qd8+ Kf7 37. g4 Qd6 38. Qc8 fxg4 39. hxg4 Qd7 40. Qb7 c6 41. Qb1 Nxg4 42. Qxe4 Nf6 43. Qe5 Qe7 44. Qf4 Ke6 45. Bg4+ Nxg4 46. Qxg4+ Kf7 47. Qf4+ Kg7 48. e4 h6 49. Kg2 h5 50. Kg3 Qf6 51. Qxf6+ Kxf6 52. f4 g5 53. f5 Ke5 54. Kf3 h4 55. Kg4 Kf6 56. Kh3 Ke5 57. Kg4 Kf6 1/2-1/2

[Event "Oberliga Ost-A 1920"]
[Site "Germany"]
[Date "2020.02.29"]
[Round "8.7"]
[White "Hutsch, Oliver"]
[Black "Schindler, Christian"]
[Result "1-0"]
[WhiteElo "2143"]
[BlackElo "2186"]
[PlyCount "61"]
[EventDate "2019.09.29"]
[EventType "team-tourn"]
[EventRounds "11"]
[EventCountry "GER"]
[SourceTitle "EXT 2023"]
[Source "ChessBase"]
[SourceDate "2022.10.05"]
[SourceVersion "1"]
[SourceVersionDate "2022.10.05"]
[SourceQuality "1"]
[WhiteTeam "Dresden Gruen Weiss"]
[BlackTeam "Loeberitz"]
[WhiteTeamCountry "GER"]
[BlackTeamCountry "GER"]

1. d4 c5 2. d5 Nf6 3. Nc3 d6 4. e4 g6 5. Be2 Bg7 6. Nf3 0-0 7. 0-0 a6 8. a4 b6 9. h3 Nbd7 10. Bf4 Ne8 11. Qd2 Nc7 12. Rfe1 Rb8 13. Bf1 b5 14. axb5 axb5 15. e5 b4 16. exd6 bxc3 17. dxc7 cxd2 18. cxd8Q Rxd8 19. Nxd2 Rxb2 20. Ra8 Nb6 21. Bc7 Re8 22. Bxb6 Rxb6 23. Nc4 Ra6 24. Rb8 Bc3 25. Reb1 Ra7 26. Nb6 Rc7 27. d6 exd6 28. Nd5 Ba5 29. Ra1 Rb7 30. Rxb7 Bxb7 31. Nf6+ 1-0

[Event "Oberliga Ost-A 1819"]
[Site "Germany"]
[Date "2019.04.07"]
[Round "11.5"]
[White "Oehl, Tim"]
[Black "Schindler, Christian"]
[Result "1/2-1/2"]
[WhiteElo "2138"]
[BlackElo "2195"]
[PlyCount "63"]
[EventDate "2018.10.21"]
[EventType "team-tourn"]
[EventRounds "11"]
[EventCountry "GER"]
[SourceTitle "EXT 2020"]
[Source "ChessBase"]
[SourceDate "2019.10.17"]
[SourceVersion "1"]
[SourceVersionDate "2019.10.17"]
[SourceQuality "1"]
[WhiteTeam "Dresden USV TU II"]
[BlackTeam "Loeberitz"]
[WhiteTeamCountry "GER"]
[BlackTeamCountry "GER"]

1. Nf3 Nf6 2. c4 g6 3. g3 Bg7 4. Bg2 0-0 5. 0-0 c6 6. Nc3 d5 7. cxd5 cxd5 8. d4 Nc6 9. Ne5 e6 10. f4 Bd7 11. Kh1 a6 12. Be3 b5 13. a3 Na5 14. b4 Nc4 15. Nxc4 bxc4 16. Bg1 Bc6 17. Qc2 Qc7 18. Rab1 Rab8 19. Rb2 Qd7 20. Rfb1 Rb7 21. Bf3 Rd8 22. Bg2 Rdb8 23. e3 Rd8 24. h3 Rdb8 25. Bh2 Ne8 26. g4 f5 27. Bg3 Nc7 28. Ra2 Nb5 29. Ne2 Nd6 30. Nc3 Nb5 31. Ne2 Nd6 32. Nc3 1/2-1/2

[Event "Oberliga Ost-A 1819"]
[Site "Germany"]
[Date "2019.02.03"]
[Round "7.7"]
[White "Heinz, Juergen"]
[Black "Schindler, Christian"]
[Result "1/2-1/2"]
[WhiteElo "2237"]
[BlackElo "2195"]
[PlyCount "48"]
[EventDate "2018.10.21"]
[EventType "team-tourn"]
[EventRounds "11"]
[EventCountry "GER"]
[SourceTitle "EXT 2020"]
[Source "ChessBase"]
[SourceDate "2019.10.17"]
[SourceVersion "1"]
[SourceVersionDate "2019.10.17"]
[SourceQuality "1"]
[WhiteTeam "Aue Nickelhuette II"]
[BlackTeam "Loeberitz"]
[WhiteTeamCountry "GER"]
[BlackTeamCountry "GER"]

1. d4 c5 2. e3 Nf6 3. c4 e6 4. Nf3 b6 5. Nc3 Bb7 6. d5 d6 7. e4 Be7 8. Bd3 exd5 9. exd5 0-0 10. 0-0 Nbd7 11. Re1 Re8 12. h3 Nf8 13. Bc2 Ng6 14. Ba4 Nd7 15. Ne4 h6 16. Bd2 Bf8 17. Bc3 Qc7 18. Qd2 Ba6 19. b3 Rab8 20. Bxd7 Qxd7 21. a4 Bb7 22. Ng3 Rxe1+ 23. Rxe1 Re8 24. Rxe8 Qxe8 1/2-1/2

[Event "Oberliga Ost-A 1819"]
[Site "Germany"]
[Date "2019.02.02"]
[Round "6.6"]
[White "Just, Wolfgang"]
[Black "Schindler, Christian"]
[Result "1-0"]
[WhiteElo "2110"]
[BlackElo "2195"]
[PlyCount "75"]
[EventDate "2018.10.21"]
[EventType "team-tourn"]
[EventRounds "11"]
[EventCountry "GER"]
[SourceTitle "EXT 2020"]
[Source "ChessBase"]
[SourceDate "2019.10.17"]
[SourceVersion "1"]
[SourceVersionDate "2019.10.17"]
[SourceQuality "1"]
[WhiteTeam "Leipzig VfB"]
[BlackTeam "Loeberitz"]
[WhiteTeamCountry "GER"]
[BlackTeamCountry "GER"]

1. f4 d5 2. Nf3 c5 3. e3 a6 4. b3 Nc6 5. Bb2 Nf6 6. Be2 Bg4 7. Ne5 Bxe2 8. Qxe2 e6 9. Nxc6 bxc6 10. d3 Be7 11. Nd2 0-0 12. 0-0 Nd7 13. e4 Qc7 14. Rf3 Rae8 15. Rg3 g6 16. Rf1 Bf6 17. Bxf6 Nxf6 18. e5 Nd7 19. h4 Kh8 20. h5 Rg8 21. Nf3 h6 22. hxg6 Rxg6 23. Rh3 Reg8 24. Kh1 Kh7 25. g4 f6 26. g5 fxg5 27. fxg5 Rf8 28. Qh2 Nxe5 29. Rxh6+ Rxh6 30. Qxh6+ Kg8 31. Qxe6+ Kg7 32. Qh6+ Kg8 33. Kg2 Rxf3 34. Rxf3 Nxf3 35. Kxf3 Qf7+ 36. Kg4 Qf2 37. Qg6+ Kf8 38. Qf5+ 1-0

[Event "Oberliga Ost-A 1718"]
[Site "Germany"]
[Date "2017.12.10"]
[Round "4.7"]
[White "Schindler, Christian"]
[Black "Gempe, Thomas"]
[Result "1/2-1/2"]
[WhiteElo "2219"]
[BlackElo "2196"]
[PlyCount "36"]
[EventDate "2017.10.22"]
[EventType "team-tourn"]
[EventRounds "11"]
[EventCountry "GER"]
[SourceTitle "EXT 2019"]
[Source "ChessBase"]
[SourceDate "2018.10.10"]
[SourceVersion "1"]
[SourceVersionDate "2018.10.10"]
[SourceQuality "1"]
[WhiteTeam "Loeberitz"]
[BlackTeam "Leipzig SG"]
[WhiteTeamCountry "GER"]
[BlackTeamCountry "GER"]

1. d4 Nf6 2. Nf3 g6 3. b3 Bg7 4. c4 0-0 5. Bb2 d6 6. e3 Nbd7 7. Be2 e5 8. 0-0 Re8 9. Nc3 e4 10. Nd2 Nf8 11. b4 h5 12. d5 N8h7 13. Qc2 Bf5 14. Nb5 Ng5 15. Nd4 Bg4 16. Bxg4 Nxg4 17. Ne2 Be5 18. Bxe5 Rxe5 1/2-1/2

[Event "Oberliga Ost-A 1617"]
[Site "Germany"]
[Date "2017.05.06"]
[Round "10.3"]
[White "Schindler, Christian"]
[Black "Boehnisch, Manfred"]
[Result "1/2-1/2"]
[WhiteElo "2251"]
[BlackElo "2302"]
[PlyCount "68"]
[EventDate "2016.10.16"]
[EventType "team-tourn"]
[EventRounds "11"]
[EventCountry "GER"]
[SourceTitle "EXT 2018"]
[Source "ChessBase"]
[SourceDate "2017.10.13"]
[SourceVersion "1"]
[SourceVersionDate "2017.10.13"]
[SourceQuality "1"]
[WhiteTeam "Loeberitz"]
[BlackTeam "Leipzig SG"]
[WhiteTeamCountry "GER"]
[BlackTeamCountry "GER"]

1. d4 d5 2. Nf3 Nf6 3. c4 c6 4. e3 Bg4 5. Nc3 e6 6. h3 Bh5 7. Bd2 Nbd7 8. Rc1 Bd6 9. a3 a6 10. cxd5 exd5 11. Be2 0-0 12. 0-0 Re8 13. b4 Ne4 14. Be1 f5 15. Nxe4 fxe4 16. Nd2 Bxe2 17. Qxe2 Qg5 18. Nb3 Re7 19. Na5 Nf8 20. a4 h5 21. Kh1 Ng6 22. Rg1 Qf5 23. b5 cxb5 24. axb5 Nh4 25. Nb3 Nf3 26. Rf1 Kh7 27. Nd2 Rf7 28. Nxf3 exf3 29. Qxf3 Qxf3 30. gxf3 Rxf3 31. Kg2 Rf6 32. bxa6 bxa6 33. Ba5 Raf8 34. Bc7 Rg6+ 1/2-1/2

[Event "Oberliga Ost-A 1617"]
[Site "Germany"]
[Date "2017.01.15"]
[Round "5.2"]
[White "Moehn, Hans"]
[Black "Schindler, Christian"]
[Result "1-0"]
[WhiteElo "2413"]
[BlackElo "2251"]
[PlyCount "65"]
[EventDate "2016.10.16"]
[EventType "team-tourn"]
[EventRounds "11"]
[EventCountry "GER"]
[SourceTitle "EXT 2018"]
[Source "ChessBase"]
[SourceDate "2017.10.13"]
[SourceVersion "1"]
[SourceVersionDate "2017.10.13"]
[SourceQuality "1"]
[WhiteTeam "Dresden USV TU II"]
[BlackTeam "Loeberitz"]
[WhiteTeamCountry "GER"]
[BlackTeamCountry "GER"]

1. Nf3 Nf6 2. c4 e6 3. g3 b6 4. Bg2 Bb7 5. 0-0 Be7 6. b3 0-0 7. Bb2 d5 8. e3 c5 9. d3 dxc4 10. bxc4 Nc6 11. Qe2 Qc7 12. Ne1 Na5 13. Bxb7 Qxb7 14. Nd2 Nc6 15. f4 Rfd8 16. g4 b5 17. Rb1 Qd7 18. g5 Ne8 19. cxb5 Nb4 20. d4 Nxa2 21. Nef3 Rab8 22. Ba1 Nb4 23. Ne4 Qxb5 24. Qxb5 Rxb5 25. dxc5 a5 26. Rfc1 Rbb8 27. Bd4 f5 28. gxf6 Nxf6 29. Neg5 Nd3 30. Rxb8 Rxb8 31. Rc3 Rb1+ 32. Kg2 Nb4 33. c6 1-0

[Event "Oberliga Ost-A 1516"]
[Site "Germany"]
[Date "2015.12.13"]
[Round "5.6"]
[White "Hoerr, Matthias"]
[Black "Schindler, Christian"]
[Result "1-0"]
[WhiteElo "2146"]
[BlackElo "2241"]
[PlyCount "69"]
[EventDate "2015.09.20"]
[EventType "team-tourn"]
[EventRounds "11"]
[EventCountry "GER"]
[SourceTitle "EXT 2017"]
[Source "ChessBase"]
[SourceDate "2016.10.25"]
[SourceVersion "1"]
[SourceVersionDate "2016.10.25"]
[SourceQuality "1"]
[WhiteTeam "Plauen Koenig"]
[BlackTeam "Loeberitz"]
[WhiteTeamCountry "GER"]
[BlackTeamCountry "GER"]

1. e4 Nf6 2. e5 Nd5 3. d4 d6 4. Nf3 Bg4 5. exd6 cxd6 6. c4 Nb6 7. Be3 g6 8. Nbd2 Bg7 9. Bd3 0-0 10. h3 Bxf3 11. Nxf3 Nc6 12. Rc1 d5 13. c5 Nc8 14. 0-0 e6 15. Qd2 N8e7 16. b4 a6 17. Rb1 Nf5 18. Bxf5 gxf5 19. Bg5 Bf6 20. h4 Bxg5 21. hxg5 Kg7 22. b5 axb5 23. Rxb5 Qc7 24. Rfb1 Ra7 25. R1b2 Rfa8 26. g3 Rb8 27. Qd1 Ra3 28. Kg2 f4 29. g4 Qe7 30. Rb6 Na5 31. Qh1 Nc4 32. Qh6+ Kh8 33. Rxb7 Rxb7 34. Rxb7 Qe8 35. g6 1-0

[Event "Oberliga Ost-A 1516"]
[Site "Germany"]
[Date "2015.11.15"]
[Round "4.7"]
[White "Salzmann, Peter"]
[Black "Schindler, Christian"]
[Result "1/2-1/2"]
[WhiteElo "2150"]
[BlackElo "2241"]
[PlyCount "106"]
[EventDate "2015.09.20"]
[EventType "team-tourn"]
[EventRounds "11"]
[EventCountry "GER"]
[SourceTitle "EXT 2017"]
[Source "ChessBase"]
[SourceDate "2016.10.25"]
[SourceVersion "1"]
[SourceVersionDate "2016.10.25"]
[SourceQuality "1"]
[WhiteTeam "Dresden TU II"]
[BlackTeam "Loeberitz"]
[WhiteTeamCountry "GER"]
[BlackTeamCountry "GER"]

1. c4 Nf6 2. Nc3 d5 3. cxd5 Nxd5 4. e4 Nxc3 5. bxc3 g6 6. Bc4 Bg7 7. h4 h5 8. Nf3 c5 9. Ng5 e6 10. Qf3 Qf6 11. Qe3 Qe7 12. Ba3 b6 13. 0-0 0-0 14. d4 Nd7 15. Rad1 Bb7 16. Bb5 Rfd8 17. Bxd7 Qxd7 18. dxc5 Qa4 19. Rxd8+ Rxd8 20. Qf4 Qd7 21. cxb6 axb6 22. Bb4 f6 23. Nf3 e5 24. Qe3 Qc6 25. Re1 Kh7 26. Qe2 Rd7 27. a3 Qc8 28. Rd1 Rxd1+ 29. Qxd1 Bxe4 30. Qd6 Qc6 31. Qxc6 Bxc6 32. c4 Kg8 33. Be7 Kf7 34. Bd8 b5 35. Nd2 Bh6 36. cxb5 Bxb5 37. Ne4 Bf8 38. Nxf6 Bxa3 39. Ne4 Bd3 40. Ng5+ Ke8 41. Bc7 Bb2 42. Nf3 e4 43. Be5 Bc1 44. Ng5 Kd7 45. Bd4 Kd6 46. Be3 Bb2 47. Bf4+ Kd5 48. Kh2 Bd4 49. Kg3 Bb5 50. Bc7 Bc6 51. Bf4 Kc4 52. Nf7 Kd3 53. Ne5+ Bxe5 1/2-1/2

[Event "Oberliga Ost-A 1415"]
[Site "Germany"]
[Date "2015.02.22"]
[Round "8.3"]
[White "Schindler, Christian"]
[Black "Escher, Thomas"]
[Result "1-0"]
[WhiteElo "2262"]
[BlackElo "2198"]
[PlyCount "129"]
[EventDate "2014.09.21"]
[EventType "team-tourn"]
[EventRounds "11"]
[EventCountry "GER"]
[SourceTitle "EXT 2016"]
[Source "ChessBase"]
[SourceDate "2015.10.08"]
[SourceVersion "1"]
[SourceVersionDate "2015.10.08"]
[SourceQuality "1"]
[WhiteTeam "Loeberitz"]
[BlackTeam "Coswig"]
[WhiteTeamCountry "GER"]
[BlackTeamCountry "GER"]

1. d4 Nf6 2. Nf3 e6 3. c4 d5 4. Bg5 h6 5. Bxf6 Qxf6 6. e3 Bb4+ 7. Nc3 c5 8. Qb3 Nc6 9. cxd5 exd5 10. dxc5 0-0 11. Bb5 Bxc3+ 12. Qxc3 Qxc3+ 13. bxc3 Na5 14. Nd4 a6 15. Be2 Bd7 16. Nb3 Nc4 17. 0-0-0 Be6 18. Rd4 a5 19. e4 a4 20. Na1 Ne5 21. exd5 Bf5 22. Nc2 Rfc8 23. f4 Ng6 24. Rc4 Bd7 25. c6 bxc6 26. dxc6 Bxc6 27. Bg4 Bd7 28. Rxc8+ Bxc8 29. Bf3 Rb8 30. Rd1 Be6 31. Rd4 Bxa2 32. Rxa4 Bb3 33. Rd4 Nh4 34. Be4 f5 35. Bc6 g5 36. g3 Ng6 37. fxg5 hxg5 38. Bd5+ Bxd5 39. Rxd5 Ne7 40. Re5 Kf7 41. Nd4 Rh8 42. Nxf5 Nxf5 43. Rxf5+ Kg6 44. Rf2 Kh5 45. h4 Rc8 46. Kc2 gxh4 47. Rh2 h3 48. Rxh3+ Kg4 49. Rh4+ Kxg3 50. Rd4 Kf3 51. Kd3 Ra8 52. Rd6 Kf4 53. Kd4 Kf5 54. c4 Ra1 55. Kd5 Rd1+ 56. Kc6 Rc1 57. c5 Ke5 58. Rd2 Rc3 59. Kb6 Rb3+ 60. Kc7 Rc3 61. c6 Rc1 62. Kd7 Rh1 63. c7 Rh7+ 64. Kc6 Rh6+ 65. Kb5 1-0

[Event "Oberliga Ost-A 1415"]
[Site "Germany"]
[Date "2014.12.07"]
[Round "5.3"]
[White "Schnabel, Ralf"]
[Black "Schindler, Christian"]
[Result "1-0"]
[WhiteElo "2205"]
[BlackElo "2262"]
[PlyCount "113"]
[EventDate "2014.09.21"]
[EventType "team-tourn"]
[EventRounds "11"]
[EventCountry "GER"]
[SourceTitle "EXT 2016"]
[Source "ChessBase"]
[SourceDate "2015.10.08"]
[SourceVersion "1"]
[SourceVersionDate "2015.10.08"]
[SourceQuality "1"]
[WhiteTeam "Aue Nickelhuette II"]
[BlackTeam "Loeberitz"]
[WhiteTeamCountry "GER"]
[BlackTeamCountry "GER"]

1. e4 Nf6 2. e5 Nd5 3. d4 d6 4. c4 Nb6 5. exd6 exd6 6. Nc3 Be7 7. h3 c6 8. Nf3 Bf5 9. Be2 0-0 10. 0-0 d5 11. c5 N6d7 12. Bf4 Nf6 13. b4 Ne4 14. Nxe4 Bxe4 15. Nd2 Bf6 16. Nb3 Re8 17. Qd2 Nd7 18. Na5 Qc8 19. Rac1 Bd8 20. Rfe1 Nf6 21. b5 Bxa5 22. Qxa5 Qf5 23. Qd2 Qg6 24. f3 Bf5 25. g4 h5 26. bxc6 hxg4 27. hxg4 bxc6 28. Bf1 Rxe1 29. Rxe1 Re8 30. Rxe8+ Nxe8 31. Kf2 Bd7 32. Bd3 Qf6 33. Kg3 Qe7 34. Qe2 Qxe2 35. Bxe2 Bc8 36. Bb8 a6 37. Kf4 f6 38. Ke3 g5 39. Bd3 Kf7 40. f4 gxf4+ 41. Bxf4 Ng7 42. Kd2 Ne6 43. Be3 Nc7 44. Be2 Kg6 45. Kc3 a5 46. Kb3 Nb5 47. Bd3+ Kf7 48. Bf5 Ba6 49. a3 Ke7 50. Ka4 Nc3+ 51. Kxa5 Bb5 52. Bd2 Ne2 53. a4 Bc4 54. Be3 Nc3 55. Bc2 Be2 56. Kb6 Bxg4 57. a5 1-0

[Event "Oberliga Ost-A 1314"]
[Site "Germany"]
[Date "2014.02.23"]
[Round "8.1"]
[White "Schindler, Christian"]
[Black "Feige, Manuel"]
[Result "1/2-1/2"]
[WhiteElo "2261"]
[BlackElo "2400"]
[PlyCount "54"]
[EventDate "2013.10.13"]
[EventType "team-tourn"]
[EventRounds "11"]
[EventCountry "GER"]
[SourceTitle "EXT 2015"]
[Source "ChessBase"]
[SourceDate "2014.11.20"]
[SourceVersion "1"]
[SourceVersionDate "2014.11.20"]
[SourceQuality "1"]
[WhiteTeam "Loeberitz"]
[BlackTeam "Chemnitz"]
[WhiteTeamCountry "GER"]
[BlackTeamCountry "GER"]

1. d4 Nf6 2. b3 g6 3. Bb2 Bg7 4. Nf3 0-0 5. e3 d6 6. Be2 Nbd7 7. c4 e5 8. dxe5 Ng4 9. 0-0 Ngxe5 10. Nc3 Nc5 11. b4 Ne4 12. Qc2 Nxc3 13. Bxc3 Bf5 14. Qb2 Nxf3+ 15. Bxf3 Bxc3 16. Qxc3 Rb8 17. Rfd1 Qe7 18. Rd2 a6 19. Rc1 Be4 20. Bxe4 Qxe4 21. c5 dxc5 22. Qxc5 c6 23. Rcd1 b6 24. Qc3 Rbc8 25. Rd4 Qe5 26. Qc4 a5 27. Re4 Qh5 1/2-1/2

[Event "Oberliga Ost-A 1314"]
[Site "Germany"]
[Date "2013.12.15"]
[Round "5.1"]
[White "Cerveny, Martin"]
[Black "Schindler, Christian"]
[Result "1-0"]
[WhiteElo "2327"]
[BlackElo "2261"]
[PlyCount "119"]
[EventDate "2013.10.13"]
[EventType "team-tourn"]
[EventRounds "11"]
[EventCountry "GER"]
[SourceTitle "EXT 2015"]
[Source "ChessBase"]
[SourceDate "2014.11.20"]
[SourceVersion "1"]
[SourceVersionDate "2014.11.20"]
[SourceQuality "1"]
[WhiteTeam "Aue Nickelhuette II"]
[BlackTeam "Loeberitz"]
[WhiteTeamCountry "GER"]
[BlackTeamCountry "GER"]

1. c4 Nf6 2. Nf3 g6 3. g3 b6 4. Bg2 Bb7 5. d4 c5 6. d5 b5 7. d6 exd6 8. 0-0 bxc4 9. Nc3 Bxf3 10. Bxf3 Nc6 11. Bf4 Nd4 12. Bxa8 Qxa8 13. f3 Qc6 14. b3 cxb3 15. axb3 Ne6 16. e4 Nxf4 17. gxf4 Bg7 18. e5 dxe5 19. fxe5 Nh5 20. Nd5 Qb7 21. Rc1 0-0 22. Rxc5 Re8 23. f4 Bf8 24. Rc7 Qb5 25. Rf3 d6 26. Rh3 Bg7 27. Rhc3 Nxf4 28. Nxf4 Bxe5 29. Qd5 Qxd5 30. Nxd5 Bxc3 31. Rxc3 Re2 32. b4 Rd2 33. Ne7+ Kg7 34. Nc6 Kf6 35. Nxa7 Rb2 36. Nc6 Ke6 37. Nd4+ Kd5 38. Nc2 f5 39. Kf2 Ke4 40. Ke2 f4 41. Rc4+ Ke5 42. Kd2 Rb3 43. Ne1 g5 44. Rc7 Rh3 45. b5 Rb3 46. Rb7 f3 47. Rf7 g4 48. Nd3+ Ke6 49. Rxh7 Rxb5 50. Rh6+ Kf7 51. Ke3 Rd5 52. Rh4 Rg5 53. Kf4 Rd5 54. Nf2 Rd2 55. Kg3 Kg6 56. Rxg4+ Kh5 57. Rg5+ Kxg5 58. Ne4+ Kh5 59. Nxd2 d5 60. Nxf3 1-0

[Event "Oberliga Ost-A 1314"]
[Site "Germany"]
[Date "2013.11.24"]
[Round "4.1"]
[White "Schindler, Christian"]
[Black "Lechtynsky, Jiri"]
[Result "1-0"]
[WhiteElo "2261"]
[BlackElo "2369"]
[PlyCount "43"]
[EventDate "2013.10.13"]
[EventType "team-tourn"]
[EventRounds "11"]
[EventCountry "GER"]
[SourceTitle "EXT 2015"]
[Source "ChessBase"]
[SourceDate "2014.11.20"]
[SourceVersion "1"]
[SourceVersionDate "2014.11.20"]
[SourceQuality "1"]
[WhiteTeam "Loeberitz"]
[BlackTeam "Hoyerswerda"]
[WhiteTeamCountry "GER"]
[BlackTeamCountry "GER"]

1. d4 Nf6 2. Nf3 b6 3. g3 Bb7 4. Bg2 c5 5. c4 cxd4 6. Qxd4 e6 7. 0-0 Be7 8. Nc3 d6 9. b3 0-0 10. Bb2 a6 11. Rfd1 Nbd7 12. Ne1 Bxg2 13. Nxg2 Qc7 14. Ne3 Rfd8 15. Ncd5 exd5 16. Nxd5 Qc5 17. Nxe7+ Kf8 18. Nd5 Qxd4 19. Rxd4 Ne8 20. Rad1 b5 21. Ne3 Nc5 22. Ba3 1-0

[Event "BL2-Nord 1213"]
[Site "Germany"]
[Date "2013.03.17"]
[Round "8.5"]
[White "Schindler, Christian"]
[Black "Steffens, Olaf"]
[Result "1-0"]
[WhiteElo "2245"]
[BlackElo "2193"]
[PlyCount "93"]
[EventDate "2012.10.14"]
[EventType "team-tourn"]
[EventRounds "9"]
[EventCountry "GER"]
[SourceTitle "CBM 154 Extra"]
[Source "ChessBase"]
[SourceDate "2013.06.25"]
[SourceVersion "2"]
[SourceVersionDate "2013.06.25"]
[SourceQuality "1"]
[WhiteTeam "Loeberitz"]
[BlackTeam "Werder Bremen II"]
[WhiteTeamCountry "GER"]
[BlackTeamCountry "GER"]

1. d4 g6 2. Nf3 Bg7 3. e4 d6 4. c3 Nf6 5. Bd3 0-0 6. 0-0 c5 7. h3 Nc6 8. dxc5 dxc5 9. Be3 Qc7 10. Qe2 Nh5 11. Bc4 Nf4 12. Qd2 Bh6 13. Kh1 e5 14. Na3 Rd8 15. Qc2 Na5 16. Rad1 Nxc4 17. Rxd8+ Qxd8 18. Nxc4 f6 19. Rd1 Qf8 20. Nd6 Be6 21. Nxb7 Bxh3 22. Bxf4 Bxf4 23. gxh3 Rb8 24. Rd7 c4 25. Qd1 f5 26. Qd5+ Kh8 27. Nxe5 Qf6 28. Nf3 fxe4 29. Qd4 Qxd4 30. Nxd4 Bc1 31. Rd8+ Rxd8 32. Nxd8 Bxb2 33. Ne2 Kg7 34. Nc6 a6 35. Na5 Kf6 36. Nxc4 Ba1 37. Kg2 h5 38. h4 Kf5 39. Kg3 g5 40. Ne3+ Kg6 41. Nd1 gxh4+ 42. Kxh4 Kf5 43. Kxh5 e3 44. Nxe3+ Ke4 45. Nc2 Bb2 46. f4 Kd3 47. Ned4 1-0

[Event "BL2-Nord 1213"]
[Site "Germany"]
[Date "2012.11.25"]
[Round "3.5"]
[White "Schindler, Christian"]
[Black "Lampe, Dirk"]
[Result "1-0"]
[WhiteElo "2245"]
[BlackElo "2245"]
[PlyCount "101"]
[EventDate "2012.10.14"]
[EventType "team-tourn"]
[EventRounds "9"]
[EventCountry "GER"]
[SourceTitle "CBM 154 Extra"]
[Source "ChessBase"]
[SourceDate "2013.06.25"]
[SourceVersion "2"]
[SourceVersionDate "2013.06.25"]
[SourceQuality "1"]
[WhiteTeam "Loeberitz"]
[BlackTeam "Luebeck"]
[WhiteTeamCountry "GER"]
[BlackTeamCountry "GER"]

1. d4 Nf6 2. Nf3 g6 3. c4 Bg7 4. Nc3 0-0 5. e4 d6 6. Be2 Na6 7. 0-0 e5 8. dxe5 dxe5 9. Qxd8 Rxd8 10. Bg5 Re8 11. Rfe1 h6 12. Bd2 c6 13. h3 Nc5 14. Bf1 a5 15. Rad1 a4 16. g3 Kh7 17. Kh2 Nfd7 18. Be3 Bf6 19. Nd2 Bd8 20. Ndb1 Ba5 21. a3 Ne6 22. Re2 Bc7 23. f3 Ndc5 24. Rf2 Ra5 25. Bd3 Nd4 26. Ne2 Ndb3 27. Nec3 Be6 28. Bf1 f5 29. exf5 gxf5 30. f4 e4 31. Nd2 Nxd2 32. Rfxd2 Nb3 33. Rd7+ Bxd7 34. Rxd7+ Kg6 35. Rxc7 Rd8 36. Rxb7 Raa8 37. Rb6 Nd4 38. Kg2 Kh7 39. Kf2 c5 40. Rb7+ Kg8 41. Nd5 Ra6 42. Be2 Rda8 43. Bd1 R6a7 44. Ne7+ Kh7 45. Rxa7 Rxa7 46. Bxd4 cxd4 47. Nxf5 Rb7 48. Nxd4 Rxb2+ 49. Ke3 Ra2 50. Bxa4 Rxa3+ 51. Bb3 1-0

[Event "Oberliga Ost-A 1112"]
[Site "Germany"]
[Date "2012.01.15"]
[Round "7.4"]
[White "Salewski, Bernd"]
[Black "Schindler, Christian"]
[Result "0-1"]
[WhiteElo "2048"]
[BlackElo "2211"]
[PlyCount "84"]
[EventDate "2011.09.25"]
[EventType "team-tourn"]
[EventRounds "11"]
[EventCountry "GER"]
[SourceTitle "EXT 2013"]
[Source "ChessBase"]
[SourceDate "2012.11.22"]
[SourceVersion "1"]
[SourceVersionDate "2012.11.22"]
[SourceQuality "1"]
[WhiteTeam "Naumburg"]
[BlackTeam "Loeberitz"]
[WhiteTeamCountry "GER"]
[BlackTeamCountry "GER"]

1. d4 Nf6 2. Nc3 d5 3. Bg5 c5 4. Bxf6 gxf6 5. e3 Nc6 6. dxc5 e6 7. Nf3 Bxc5 8. a3 Bd7 9. g3 Ne5 10. Nxe5 fxe5 11. Qh5 Qf6 12. Bb5 Bxb5 13. Nxb5 Rc8 14. Nc3 Bd6 15. 0-0 Qg6 16. Qe2 a6 17. Rfd1 0-0 18. Rd2 Rc6 19. Nd1 Rfc8 20. c3 e4 21. a4 h5 22. f4 f5 23. Qg2 Kf7 24. h4 Rg8 25. Kh2 Bc5 26. Rc2 Be7 27. Rac1 Qf6 28. Rd2 Rcc8 29. Nf2 Qh8 30. Qh3 Rg6 31. Rg1 Rcg8 32. Rd4 Bc5 33. Nd1 Bxd4 34. cxd4 Qg7 35. Nc3 Rg4 36. Rg2 Qf6 37. Nd1 Rc8 38. Nc3 Qe7 39. Rf2 Rcg8 40. Rg2 Qb4 41. Kh1 Qc4 42. Kh2 Qf1 0-1

[Event "Sachsen-Anhalt-ch playoff"]
[Site "Loeberitz"]
[Date "2011.06.19"]
[Round "?"]
[White "Matthey, Harald"]
[Black "Schindler, Christian"]
[Result "1-0"]
[WhiteElo "2178"]
[BlackElo "2201"]
[PlyCount "102"]
[EventDate "2011.06.19"]
[EventType "match"]
[EventRounds "1"]
[EventCountry "GER"]
[SourceTitle "EXT 2012"]
[Source "ChessBase"]
[SourceDate "2011.11.24"]
[SourceVersion "1"]
[SourceVersionDate "2011.11.24"]
[SourceQuality "1"]

1. d4 c5 2. Nf3 cxd4 3. Nxd4 e5 4. Nf3 Nc6 5. g3 d5 6. Bg2 Nf6 7. 0-0 Be7 8. b3 0-0 9. Bb2 Qc7 10. Nbd2 h6 11. Re1 Be6 12. e4 d4 13. Qe2 Rfd8 14. a3 Rac8 15. Red1 a6 16. Ne1 b5 17. h3 Bc5 18. Nd3 Bd6 19. Nf1 Nd7 20. g4 a5 21. Ng3 g6 22. Bc1 Kh7 23. Qd2 Bf8 24. f4 exf4 25. Nxf4 Nde5 26. Rf1 Bg7 27. Nd5 Qa7 28. Kh1 Ne7 29. Nf6+ Kh8 30. g5 h5 31. Ngxh5 gxh5 32. Qe2 Ng4 33. hxg4 h4 34. g6 Bxf6 35. Rxf6 Nxg6 36. Bg5 d3 37. cxd3 Qd4 38. Rff1 Qxd3 39. Qb2+ Kh7 40. Bxd8 Qxd8 41. Qe2 Qg5 42. Rae1 Rc3 43. Rf3 Rxb3 44. Rxb3 Bxb3 45. e5 Be6 46. Be4 Bxg4 47. Qg2 Kh6 48. Rg1 Kh5 49. Bxg6+ Qxg6 50. Qd5 Qe6 51. Qxe6 fxe6 1-0